Größte hamburger Stadien - Statistiken

Allgemein
  • Dieses Quiz wurde 9 mal gespielt
  • Das Durchschnittsergebnis liegt bei 3 aus 5
Antwortstatistiken
Verein Kapazität Stadioname % Korrekt
HSV 57,000 Volksparkstadion
100%
St.Pauli 29,500 Millerntorstadion
89%
Altona 93 8,000 Adolf-Jäger-Kampfbahn
56%
SC Victoria Hamburg 11,000 Stadion Hoheluft
22%
Hamm United FC 7,000 Stadion Hammerpark
11%
Keine übereinstimmenden Quizze gefunden
Verteilung der Resultate
Anzahl Personen mit jedem Resultat
Perzentil nach korrekt beantworteten Fragen
Ihre Resultats-Entwicklung
Sie haben dieses Quiz noch nicht gespielt